Save the World's Land by Guessing Countries - Statistics

General Stats
  • This quiz has been taken 654 times
  • The average score is 899 of 1356
Answer Stats
Country % Correct
Russia
94%
United States
94%
China
92%
Canada
90%
Brazil
87%
Mexico
85%
United Kingdom
85%
India
83%
Australia
81%
France
79%
Argentina
78%
Germany
72%
Japan
69%
Spain
69%
D. R. Congo
67%
Indonesia
67%
Pakistan
67%
Algeria
65%
Egypt
65%
Iran
65%
South Africa
65%
Chile
64%
Peru
64%
Niger
61%
Colombia
60%
Mongolia
60%
Saudi Arabia
60%
Ukraine
60%
Italy
59%
Kazakhstan
58%
Sweden
57%
Iraq
56%
Libya
56%
Nigeria
56%
Turkey
56%
Norway
55%
Congo
54%
Sudan
51%
Finland
50%
Chad
49%
New Zealand
49%
Venezuela
48%
Mali
47%
Poland
47%
Ethiopia
46%
Morocco
45%
Afghanistan
44%
Bolivia
43%
Denmark
43%
Thailand
40%
Vietnam
40%
Angola
39%
Philippines
39%
Tanzania
39%
Malaysia
37%
Ireland
36%
Kenya
36%
Mozambique
36%
Somalia
36%
Dominican Republic
35%
Namibia
35%
Portugal
35%
South Korea
35%
Yemen
34%
Madagascar
33%
South Sudan
33%
Central African Republic
32%
Iceland
32%
Mauritania
32%
Oman
32%
Bangladesh
29%
Cuba
29%
Greece
29%
Myanmar
29%
Ecuador
28%
Paraguay
27%
Uzbekistan
27%
Romania
26%
Belarus
25%
Zambia
25%
Botswana
24%
Turkmenistan
24%
Austria
23%
Laos
23%
Tunisia
23%
Uruguay
23%
Cambodia
22%
Nepal
22%
North Korea
22%
Syria
22%
Ghana
21%
Guatemala
21%
Papua New Guinea
21%
Zimbabwe
21%
Cameroon
20%
Panama
20%
United Arab Emirates
20%
Netherlands
19%
Haiti
18%
Uganda
17%
Hungary
16%
Switzerland
16%
Guyana
15%
Tajikistan
15%
Belgium
14%
Israel
14%
Sri Lanka
14%
Bulgaria
13%
Czechia
13%
Jamaica
13%
Jordan
13%
Latvia
13%
Suriname
13%
Estonia
12%
Lithuania
12%
Senegal
12%
Belize
11%
Costa Rica
11%
Honduras
11%
Kyrgyzstan
11%
Bhutan
10%
Croatia
10%
Malawi
10%
Nicaragua
10%
Togo
10%
Benin
9%
Dominica
9%
Eritrea
9%
Qatar
9%
Serbia
9%
Vatican City
9%
Fiji
8%
Gabon
8%
Guinea
8%
Kuwait
8%
Liberia
8%
Monaco
8%
Rwanda
8%
Slovakia
8%
Andorra
7%
Bahamas
7%
Burkina Faso
7%
El Salvador
7%
Ivory Coast
7%
Lebanon
7%
Malta
7%
Singapore
7%
Albania
6%
Armenia
6%
Bahrain
6%
Bosnia and Herzegovina
6%
Cyprus
6%
Georgia
6%
Luxembourg
6%
Moldova
6%
Slovenia
6%
Azerbaijan
5%
Burundi
5%
Gambia
5%
Lesotho
5%
Barbados
4%
Eswatini
4%
Liechtenstein
4%
Montenegro
4%
Nauru
4%
North Macedonia
4%
Palau
4%
San Marino
4%
Tonga
4%
Brunei
3%
Djibouti
3%
Grenada
3%
Guinea-Bissau
3%
Maldives
3%
Mauritius
3%
Micronesia
3%
Saint Kitts and Nevis
3%
Saint Vincent and the Grenadines
3%
Samoa
3%
Sierra Leone
3%
Tuvalu
3%
Antigua and Barbuda
2%
Cape Verde
2%
Comoros
2%
East Timor
2%
Kiribati
2%
Marshall Islands
2%
Saint Lucia
2%
Seychelles
2%
Solomon Islands
2%
Trinidad and Tobago
2%
Vanuatu
2%
Equatorial Guinea
1%
Palestine
1%
Sao Tome and Principe
1%
No matching quizzes found
Score Distribution
Percent of People with Each Score
Percentile by Number Answered
Your Score History
You have not taken this quiz